MDQL
is popping MORE tags! Check the
thread
!
Quizzes
Events
Quiz Creation
Community
Videos
Private Events
Remove Ads
Sign In
Join for FREE
Feedback
Dark Mode
Quiz Categories
Sports
Geography
Music
Movies
Television
Just For Fun
Miscellaneous
History
Literature
Language
Science
Gaming
Entertainment
Religion
Holiday
For Kids
Quiz Lab
Recent
Popular Today
Quiz Kudos Today
Editor Picks
Curator Picks
Quizzes by...
Day
Popularity
Type
Ratings
Length
Year
Community
Subscriptions
Recent Discussions
Orange Saloon
Badges
Playlists
Quests
Create
Leaderboards
Showdown
Live 5
Trivia Bingo
Activity
Puzzle Library
Sporcle Events
Private Events
Virtual Trivia
Globe League
Become a Host
Pub Owners
SporcleCon
Opinionation
Our Games
Videos
Blog
Mobile Apps
Partnerships
Remove Ads and Go Orange
Feedback
Geography
Country
Landmarks
City
State
Population
World
Capital
Continent
Flags
Europe
Africa
Asia
South America
North America
Oceania
Border
Canada
United Kingdom
Topography
United States
Geography
Country
Landmarks
City
State
Population
World
Capital
Continent
Flags
Europe
Africa
Asia
South America
North America
Oceania
Border
Canada
United Kingdom
Topography
United States
Random Quiz
Search Sporcle
×
Quiz Lab
Quiz Lab
Geography
Population
Type in answers that appear in a list
Type in answers that appear in a list
Classic
Best Score? Go Orange.
English Towns with Over 100,000 People Stats
Can you name the English Towns with Over 100,000 People?
By
Olliejoseph1997
10m
58 Questions
1,335 Plays
1,335 Plays
1,335 Plays
Comments
Comments
Give Quiz Kudos
Give Quiz Kudos
-
- Ratings
hide this ad
Replay
Link that replays current quiz
Next Quiz
Link to next quiz in quiz playlist
You Got
0%
They Got
Avg Score
69%
Avg Friend Score
Upgrade to see
Score Distribution
Jump to the score distribution portion of the page
Score
0/58
Timer
10:00
0
Plays Today
Rank
City
% Correct
1
London
98%
2
Birmingham
96.4%
7
Manchester
96.4%
3
Liverpool
95%
4
Leeds
93%
20
Newcastle-upon-Tyne
91.8%
6
Bristol
90.9%
5
Sheffield
88.7%
16
Southampton
88.4%
22
Portsmouth
86.8%
14
Nottingham
86.3%
34
Oxford
86%
8
Leicester
84.4%
27
Norwich
84.4%
49
Cambridge
84.3%
15
Plymouth
84.2%
44
Brighton
83.9%
10
Hull
83.5%
40
York
80.8%
17
Reading
80%
38
Ipswich
79.6%
13
Wolverhampton
79.1%
26
Sunderland
79.1%
36
Blackpool
78.8%
18
Derby
78.6%
12
Stoke-on-Trent
77.9%
9
Coventry
77.6%
11
Bradford
77%
50
Exeter
75.9%
Rank
City
% Correct
29
Bournemouth
73.1%
21
Northampton
72.8%
23
Luton
69.8%
35
Middlesbrough
69%
37
Bolton
68.9%
53
Blackburn
68.5%
46
Gloucester
66.1%
25
Milton Keynes
65.4%
31
Swindon
64.5%
42
Peterborough
62.9%
24
Preston
62.2%
32
Huddersfield
61.4%
54
Colchester
61.1%
47
Watford
61%
30
Southend-on-Sea
57.3%
48
Rotherham
50.3%
55
Oldham
50.2%
45
Slough
47.5%
33
Poole
46.7%
43
Stockport
45%
58
Crawley
43.7%
41
West Bromwich
42.9%
28
Walsall
42.8%
19
Dudley
42.5%
51
Eastbourne
38.4%
39
Telford
38.2%
56
St Helens
33.3%
57
Woking
32.9%
52
Sutton Coldfield
29.1%
Quiz Playlist
Details
Report
Send in Message
Add To Playlist
Classic:
Type in answers that appear in a list
Last Updated: Feb 16, 2017
Quiz Scoreboard
CHALLENGE
Sign Up to Join the Scoreboard
Show All
Scores
Hide
Comments
May contain spoilers
Recently Published
1-10 Letter E Words III
by El_Dandy
Language
2m
Street Fighter Characters
by Artimus82
Gaming
60s
College Basketball Coaching Resumes
by pancakes188
Sports
9m
More to Explore
Quiz From the Vault
Featured Blog Post
Where Did the Easter Bunny Come From?
hide this ad
You Might Also Like...
Tags
City Quiz
Population Quiz
100
English
Today's Top Quizzes in Geography
Browse Geography
hide this ad
Today's Top Quizzes in Population
Browse Population
Top Contributed Quizzes in Geography
1
Countries of the World - No Outlines Minefield
2
Top 25 Cities of France on a map
3
Any capital of a 'B' country per Continent
4
Any capital of a 'C' country per Continent
5
Closest Countries to UK A-Z
6
Any capital of a 'D' country per Continent
7
5-to-1: US Geography No Hints
8
Any capital of an 'E' country per Continent
9
Find the US States - No Outlines
10
Any capital of an 'F' country per Continent
Explore More
Trending Topics
NBA
Kpop
Disney
Marvel
Crossword
Harry Potter
Anime
Country
Pokémon
The Office
Puzzle
WWE
NFL
Soccer
Song
hide this ad
More By:
Olliejoseph1997
Quiz
Plays
Rating
Category
Featured
Created
Türkiye's Borders
93,946
4.45
Geography
May 8, 2011
Coastal US States
31,038
4.57
Geography
Mar 4, 2012
Far from London?
8,492
2.16
Geography
Apr 14, 2012
Top 100 Largest Cities in England
2,008
4.40
Geography
May 3, 2011
English Towns with Over 100,000 People
1,335
4.00
Geography
May 13, 2012
Go to Creator's Profile
Score Distribution
Quiz Creator Spotlight
Olliejoseph1997
Follow
Send a Message
Quizzes Created
-
Created Quiz Play Count
-
More By This Creator
Popular Quizzes Today
1
Find the US States - No Outlines Minefield
2
Find the Countries of Europe - No Outlines Minefield
3
Find the US States
4
The Countries of the World
5
Risky Map Clicking: Biggest States A-Z
6
US States
7
Popular People in 1961
8
Movies - When Are They Set?
More Geography Quizzes
West Virginia Physical Geography
Quiz Lab
Trending Quizzes
Risky Map Clicking: Least Populous States A-Z
1-10 Letter G Words
1-10 Letter F Words
Countries of the World: 200 Million BC
Risky Map Clicking: Next State Alphabetically
Recently Updated
Rides in Walt Disney World
pecheneg
Most Oscar Losses (Acting)
pecheneg
Beyoncé Albums
pecheneg
Leaping Animals
pecheneg
Reality TV Shows (A-Z)
bhenderson79
Rickey Henderson's Hall of Fame Teammates
pecheneg
Champions League XIs: Arsenal
pecheneg
Quick Pick: Celebrities in WWE's Hall of Fame
aduchscher
A-Z Keypad Blitz II
pecheneg
Trending Topics
Crossword
Harry Potter
Anime
NBA
Kpop
Marvel
Disney
Country
Soccer
WWE
Pokémon
Puzzle
Song
The Office
NFL
Your Account Isn't Verified!
In order to create a playlist on Sporcle, you need to verify the email address you used during registration. Go to your
Sporcle Settings
to finish the process.
Report this User
Report this user for behavior that violates our
Community Guidelines
.
Details:
Send Report
Go to the Sporcle.com Mobile Site →
Comments